000 00427nam a2200181Ia 4500
001 8168
005 20260306160549.0
008 260306t2010||||xx |||||||||||||| ||spa||
041 _aESP
082 _a370.115
_bM12
100 _aMacedo Gonzáles, Jesús Efraín
_eAUT
245 0 _aPedagogía del acompañamiento juvenil
260 _c2010
300 _a
_c
650 _aGEN
654 _aCED
942 _cLIB
_dJUS
_fJUS
_2ddc
_n
999 _c8168
_d8168